Groupes de musique au pays - Statistiques

Statistiques générales
  • Ce quiz a été pris 423 fois
  • Le résultat moyen est 10 sur 30
Statistiques - réponses
Bande Pays % Correct
Daft Punk France
96%
ABBA Suede
87%
Destiny's Child États-Unis
70%
Fugees États-Unis
46%
Gipsy Kings France
46%
The Supremes États-Unis
43%
Midnight Oil Australie
42%
A-Ha Norvege
42%
Kraftwerk Allemagne
41%
De Jeugd van Tegenwoordig Pays-bas
41%
Buena Vista Social Club Cuba
40%
INXS Australie
39%
The Corrs Irlande
38%
Eurythmics Royaume-Uni
38%
Tears for Fears Royaume-Uni
35%
Pussy Riot Russie
33%
Air France
32%
The Pogues Irlande
30%
Die Antwoord Afrique du Sud
28%
Aqua Danemark
28%
Sonic Youth États-Unis
27%
Milli Vanilli Allemagne
18%
The Cardigans Suede
18%
Roxette Suede
14%
Rush Canada
12%
Babasónicos Argentine
8%
Sugarcubes Islande
8%
Café Tacuba Mexique
6%
Karnak Brésil
1%
Sunrise Avenue Finlande
1%
Aucun quiz correspondant
Distribution des résultats
% des personnes avec chaque résultat
Percentile par nombre de réponses
Votre historique - résultats
Vous n’avez pas pris ce quiz